| 000 | 01637nam0a2200361 4500 | ||
|---|---|---|---|
| 001 | RU\NLR\bibl\1041831 | ||
| 005 | 20250615031234.0 | ||
| 010 |
_a5-17-038951-5 _bАСТ |
||
| 010 |
_a5-9713-3830-7 _bАСТ МОСКВА |
||
| 010 |
_a5-9762-0943-2 _bХранитель _95000 |
||
| 021 |
_aRU _b2006-83705 _94237 |
||
| 035 | _a(nilc)RSL-KNO-003013617 | ||
| 035 | _a(NLR Aleph) 001029222 | ||
| 090 |
_a747853 _c747853 |
||
| 100 | _a20061219d2007 |||y0rusy50 ca | ||
| 101 | 1 |
_arus _ceng |
|
| 102 | _aRU | ||
| 105 | _ay zzzz||||| | ||
| 106 | _ar | ||
| 200 | 1 |
_aИсторик _e[роман] _fЭлизабет Костова _g[пер. с англ. Г. Соловьевой] |
|
| 210 |
_aМосква _cАСТ [и др.] _d2007 [т.е. 2006] |
||
| 215 |
_a828 с. _d17 |
||
| 225 | 1 | _aИнтеллектуальный детектив | |
| 300 | _aКн. фактически издана в 2006 г. | ||
| 610 | 0 | _aФилологические науки. Художественная литература -- США -- Американская литература -- с 1945 г. -- Произведения художественной литературы -- Художественная проза -- Романы. Повести. Рассказы -- Приключенческие и детективные романы, повести, рассказы | |
| 686 |
_aШ5(7США)62-644.6 _2rubbk |
||
| 700 | 1 |
_aКостова _bЭ. _gЭлизабет _4070 |
|
| 801 | 0 |
_aRU _bРКП _c20061219 _grcr |
|
| 801 | 1 |
_aRU _bРГБ _c20061219 |
|
| 801 | 2 |
_aRU _bNLR _c20070207 _grcr |
|
| 942 | _cBOOK | ||
| 980 | _aNB | ||